• 首页
  • 本馆介绍
  • 公告通知
  • 最新文献
  • 馆藏检索
  • 电子资源
  • 读者导购
  • 参考咨询
  • 我的图书馆
  • 登录
  • 详细信息显示
  • 放入我的书架
  • 预约/预借图书
  • 作者相关作品
  • 分类相关作品
  • 丛书相关作品
  • 出版社相关作品

书目信息

  • 表格格式
  • 工作单格式
  • 卡片格式
题名:
公共危机心理
    
 
作者: 景怀斌 主编
分册:  
出版信息: 北京   社会科学文献出版社  2006
页数: 279页
开本: 23cm
丛书名: 中山大学社会学文库
单 册:
中图分类: R1 , R563.1 , B845.67
科图分类:
主题词: 公共卫生--紧急事件--心理影响--研究--中国 , 肺炎--防治 , 肺炎 , 公共卫生 , 突发事件 , 生理心理学
电子资源:
ISBN: 7-80230-379-6
000 01468oam2 2200385 450
001 1230328984
005 20120928082728.90
010    @a7-80230-379-6@dCNY35.00
100    @a20060210d2006 em y0chiy50 ea
101 0  @achi
102    @aCN@b110000
105    @ay z 000yy
106    @ar
200 1  @a公共危机心理@eSARS个案@dPsychology of public crisis@ethe case of SARS@f景怀斌主编@zeng@Agong gong wei ji xin li
210    @a北京@c社会科学文献出版社@d2006
215    @a279页@d23cm
225 2  @a中山大学社会学文库
300    @a本研究受国家自然科学基金(项目编号:70340011)与中山大学二期“985工程”公共管理与社会发展研究哲学与社会科学创新基地专项基金资助
330    @a本书从公共管理的视野,以SARS情境下民众的心理-行为反应为研究对象,运用多种实证研究方法,进行了多层面调研,探讨了民众公共危机反应的社会-文化-心理机制,进而提出了社会危机事件公共管理的心理学对策。
461  0 @1001003408391
510 1  @aPsychology of public crisis@ethe case of SARS@zeng
517 1  @aSARS个案@ASARS ge an
606 0  @a公共卫生@x紧急事件@x心理影响@x研究@y中国
606 0  @a肺炎@x防治
606 0  @a肺炎
606 0  @a公共卫生
606 0  @a突发事件
606 0  @a生理心理学
610 0  @a严重急性呼吸道综合征@a非典型肺炎
690    @aR1@v4
690    @aR563.1@v4
690    @aB845.67@v4
701  0 @a景怀斌@4主编@Ajing huai bin
801  0 @aCN@b大连网信软件有限公司图书馆·11@c20120928
905    @a10447@dB845.67@eJY357
    
    公共危机心理:SARS个案=Psychology of public crisis:the case of SARS/景怀斌主编.-北京:社会科学文献出版社,2006
    279页;23cm .-(中山大学社会学文库 )
    本研究受国家自然科学基金(项目编号:70340011)与中山大学二期“985工程”公共管理与社会发展研究哲学与社会科学创新基地专项基金资助
    
    ISBN 7-80230-379-6:CNY35.00
    本书从公共管理的视野,以SARS情境下民众的心理-行为反应为研究对象,运用多种实证研究方法,进行了多层面调研,探讨了民众公共危机反应的社会-文化-心理机制,进而提出了社会危机事件公共管理的心理学对策。
●
相关链接 在E读中查询图书 在五车中查询图书 在当当中查询图书 在豆瓣中查询图书


正题名:公共危机心理     索取号:B845.67/JY357         预约/预借

序号 登录号 条形码 馆藏地/架位号 状态 备注
1 7804071   278040718   学院路分馆/ [索取号:B845.67/JY357] 在馆    
2 7804072   278040727   学院路分馆/ [索取号:B845.67/JY357] 在馆    
唐山师范学院图书馆 欢迎您!
大连网信软件有限公司© 版权所有